Statistics for Country of Origin of Tottenham Hotspurs Players

Click here to take the quiz!

General Stats

  • This quiz has been taken 553 times
  • The average score is 8 of 14

Answer Stats

# of PlayersCountry of Origin% Correct
9England
99%
3France
96%
3Belgium
83%
2Argentina
82%
1Spain
78%
1Wales
76%
1Denmark
64%
1South Korea
62%
2Netherlands
55%
1Kenya
39%
1United States
33%
1Austria
18%
1Cameroon
15%
1Algeria
10%

Score Distribution

Percentile by Number Answered

Percent of People with Each Score

Your Score History

You have not taken this quiz